000 00422nam a2200181Ia 4500
001 12929
005 20260306163016.0
008 260306t2007||||xx |||||||||||||| ||spa||
041 _aESP
082 _aRD 463
_bM81
100 _aMoliner, María, 1900-1981
_eAUT
245 0 _aDiccionario de uso del español:
_ba-i
260 _c2007
300 _a
_c
650 _aGEN
654 _aCHU
942 _cDIC
_dJUS
_fJUS
_2ddc
_n
999 _c12929
_d12929